| 000 | nam a22 7a 4500 | ||
|---|---|---|---|
| 999 |
_c19473 _d19473 |
||
| 008 | 170116b xxu||||| |||| 00| 0 eng d | ||
| 020 | _a9780131355163 | ||
| 050 | _aQA 152.2 .M37 2009 | ||
| 100 | _aMartin-Gay, Elayn. | ||
| 245 |
_aIntermediate Algebra/ _cElayn Martin-Gay. |
||
| 250 | _a5th ed. | ||
| 260 |
_aUpppersaddle river : _bPearson Prentice Hall, _c2009. |
||
| 300 |
_axxiii, 696p. : _bill. ; _c29cm. |
||
| 500 | _aInclude index. | ||
| 650 | _aAlgebra. | ||
| 942 |
_2lcc _cBOOKS _hQA 152.2 .M37 2009 |
||